Meranie a simulácia delenia zložiek tvoriacich azeotropickú zmes extrakčnou destiláciou v prítomnosti iónových kvapalín
Enregistré dans:
| Auteur principal: | |
|---|---|
| Autres auteurs: | |
| Format: | Manuscrit Livre |
| Langue: | slovaque |
| Publié: |
2024
|
| Sujets: | |
| Accès en ligne: | http://is.stuba.sk/zp/portal_zp.pl?podrobnosti=176614 |
| Tags: |
Pas de tags, Soyez le premier à ajouter un tag!
|
MARC
| LEADER | 00000ntm a22000003a 4500 | ||
|---|---|---|---|
| 001 | stuzp99418 | ||
| 003 | SK-STU | ||
| 005 | 20240601210740.9 | ||
| 007 | ta | ||
| 008 | 150427s2015----xo-----f-mn---000-0-slo-d | ||
| 040 | |a STU |b slo | ||
| 041 | 0 | |a slo | |
| 100 | 1 | |a Halúzková, Annamária |u 046230 |k Z4 |4 aut |U FCHPT Ústav chemického a environmentálneho inžinierstva |T FCHPT Oddelenie chemického a biochemického inžinierstva |X 105524 |U C6230 |Y 119 |7 105524 | |
| 242 | 0 | 1 | |a Measurement and simulation of the separation of components forming an azeotrope by extractive distillation in the presence of ionic liquids |y eng |
| 245 | 1 | 0 | |a Meranie a simulácia delenia zložiek tvoriacich azeotropickú zmes extrakčnou destiláciou v prítomnosti iónových kvapalín |
| 260 | |c 2024 | ||
| 650 | 4 | |a iónová kvapalina |2 slo | |
| 650 | 4 | |a etanol |2 slo | |
| 650 | 4 | |a fázová rovnováha kvapalina-para |2 slo | |
| 650 | 4 | |a extrakčná destilácia |2 slo | |
| 650 | 4 | |a rovnica NRTL |2 slo | |
| 650 | 4 | |a NRTL equation |2 eng | |
| 650 | 4 | |a ethanol |2 eng | |
| 650 | 4 | |a liquid-vapor phase equilibrium |2 eng | |
| 650 | 4 | |a ionic liquid |2 eng | |
| 650 | 4 | |a extractive distillation |2 eng | |
| 700 | 1 | |a Steltenpohl, Pavol |u 046230 |k Z1 |4 ths |U FCHPT Ústav chemického a environmentálneho inžinierstva |T FCHPT Oddelenie chemického a biochemického inžinierstva |X 3929 |U C6230 |Y 119 |7 A000003929 | |
| 856 | 4 | |u http://is.stuba.sk/zp/portal_zp.pl?podrobnosti=176614 | |